[Event "Olimpiade 2022 - Open"]
[Site "Chennai"]
[Date "09.08.2022"]
[Round "11.14"]
[Board "2"]
[White "Mchedlishvili, Mikheil"]
[Black "Adly, Ahmed"]
[Result "1/2-1/2"]
[WhiteTitle "GM"]
[BlackTitle "GM"]
[WhiteElo "2593"]
[BlackElo "2582"]
[WhiteTeam "Georgia"]
[BlackTeam "Egypt"]
[WhiteFideId "13600966"]
[BlackFideId "10601619"]
[EventDate "2022.07.29"]

1. d4 Nf6 2. c4 e6 3. Nf3 d5 4. Nc3 c5 5. e3 Nc6 6. a3 a6 7. dxc5 Bxc5 8. b4 Ba7
9. Bb2 O-O 10. Qc2 Qe7 11. Rd1 Rd8 12. Be2 dxc4 13. Rxd8+ Nxd8 14. Bxc4 Bd7 15.
O-O Rc8 16. Bd3 Bb8 17. Qb1 h6 18. Rd1 Ng4 19. Ne4 f5 20. Nc5 Bc6 21. e4 Nf7 22.
h3 Nf6 23. Re1 b6 24. Nxa6 Bf4 25. b5 Bb7 26. Nb4 Nxe4 27. Nc6 Bxc6 28. bxc6
Nfd6 29. Be5 Bxe5 30. Nxe5 Qf6 31. Bxe4 fxe4 32. Nd7 Qc3 33. Rc1 Qd3 34. Qxb6
Qxa3 35. Rd1 e3 36. Qxe3 1/2-1/2

[Event "Olimpiade 2022 - Open"]
[Site "Chennai"]
[Date "09.08.2022"]
[Round "11.15"]
[Board "1"]
[White "Vocaturo, Daniele"]
[Black "Cordova, Emilio"]
[Result "1/2-1/2"]
[WhiteTitle "GM"]
[BlackTitle "GM"]
[WhiteElo "2616"]
[BlackElo "2549"]
[WhiteTeam "Italy"]
[BlackTeam "Peru"]
[WhiteFideId "813192"]
[BlackFideId "3801497"]
[EventDate "2022.07.29"]

1. e4 c5 2. Nf3 Nc6 3. Bb5 e6 4. O-O Nge7 5. Re1 b6 6. d4 cxd4 7. Nxd4 Nxd4 8.
Qxd4 Nc6 9. Qd1 Bb7 10. Nc3 a6 11. Bf1 d6 12. Bf4 Rc8 13. Qd2 Ne5 14. Rad1 Be7
15. Qd4 O-O 16. Bxe5 dxe5 17. Qxe5 Qc7 18. Qxc7 Rxc7 19. Re2 Rfc8 20. Nb1 g5 21.
c3 b5 22. a3 a5 23. b4 axb4 24. axb4 Ra8 25. f3 Bc6 26. Kf2 Kg7 27. Rc2 Be8 28.
Bd3 h5 29. Ke2 h4 30. Nd2 Bd6 31. h3 Rac8 1/2-1/2

[Event "Olimpiade 2022 - Open"]
[Site "Chennai"]
[Date "09.08.2022"]
[Round "11.15"]
[Board "3"]
[White "Lodici, Lorenzo"]
[Black "Escalante Ramirez, Brian Sebasti"]
[Result "0-1"]
[WhiteTitle "GM"]
[BlackTitle "IM"]
[WhiteElo "2553"]
[BlackElo "2496"]
[WhiteTeam "Italy"]
[BlackTeam "Peru"]
[WhiteFideId "884189"]
[BlackFideId "3819566"]
[EventDate "2022.07.29"]

1. d4 e6 2. c4 Nf6 3. Nc3 d5 4. cxd5 exd5 5. Bg5 c6 6. e3 Bd6 7. Bd3 O-O 8. Nge2
Re8 9. Qd2 Nbd7 10. Ng3 Nf8 11. Nf5 Bc7 12. g4 Ng6 13. Qc2 h6 14. Bxf6 Qxf6 15.
O-O-O Nh4 16. Kb1 Be6 17. Ne2 g6 18. Nxh6+ Kg7 19. f4 Bd7 20. g5 Qd6 21. e4 dxe4
22. Bxe4 f5 23. Bd3 Re3 24. Bc4 Qe7 25. Rhf1 Re8 26. Nc3 Nf3 27. d5 Bxf4 28.
dxc6 bxc6 29. h4 Be5 30. Nf7 Bxc3 31. bxc3 Rb8+ 32. Ka1 Be6 33. Nd6 Bxc4 34.
Nxc4 Re2 35. Qc1 Ne5 36. Nxe5 Qxe5 37. Rfe1 Rxe1 38. Rxe1 Qc5 39. Qd2 Rd8 40.
Qb2 Rd7 41. c4+ Kh7 42. Qf6 Qb4 43. Qe5 Qxc4 44. h5 Qf7 45. h6 f4 46. Rf1 Rd2
47. Qa5 Qd7 48. Rxf4 Re2 49. Qb4 c5 50. Qb1 Qe7 51. Qb5 Qe5+ 52. Kb1 Re1+ 53.
Kc2 Qxg5 54. Qb7+ Kxh6 55. Qf3 Qe5 56. Kd2 Re2+ 57. Kd3 Rh2 58. Re4 Qd5+ 59. Kc3
Qd2+ 60. Kc4 Qxa2+ 61. Kxc5 Qf2+ 62. Qxf2 Rxf2 0-1

[Event "Olimpiade 2022 - Open"]
[Site "Chennai"]
[Date "09.08.2022"]
[Round "11.16"]
[Board "1"]
[White "Bjerre, Jonas Buhl"]
[Black "Kadric, Denis"]
[Result "1/2-1/2"]
[WhiteTitle "GM"]
[BlackTitle "GM"]
[WhiteElo "2608"]
[BlackElo "2554"]
[WhiteTeam "Denmark"]
[BlackTeam "Montenegro"]
[WhiteFideId "1444948"]
[BlackFideId "14403803"]
[EventDate "2022.07.29"]

1. d4 Nf6 2. c4 d6 3. Nf3 g6 4. Nc3 Bf5 5. Qb3 b6 6. h3 Nc6 7. g4 Bd7 8. Bg2 Bg7
9. Qc2 h5 10. g5 Nh7 11. Be3 O-O 12. Rd1 Re8 13. d5 Nb4 14. Qd2 c5 15. Nh4 Qc8
16. a3 Na6 17. f4 Nc7 18. Qc2 Qa6 19. Ne4 b5 20. f5 bxc4 21. fxg6 fxg6 22. Ng3
Nf8 23. O-O Qa4 24. Qe4 c3 25. b4 e6 26. Nxg6 exd5 27. Qf3 Be6 28. Qxh5 Qxd1 29.
Rxd1 Bf7 30. Qf3 Bxg6 31. Bc1 Nfe6 32. Qg4 Nd4 33. Qd7 Nde6 34. Qxd6 Rad8 35.
Qc6 Be5 36. Nf1 Rd6 37. Qb7 c2 38. Re1 Rb6 39. Qxa7 Ra6 40. Qb7 Nd8 41. Qc8 Nde6
42. Qb7 Nd8 43. Qc8 Nde6 44. Qb7 1/2-1/2

[Event "Olimpiade 2022 - Open"]
[Site "Chennai"]
[Date "09.08.2022"]
[Round "11.17"]
[Board "2"]
[White "Borisek, Jure"]
[Black "Fier, Alexandr"]
[Result "1/2-1/2"]
[WhiteTitle "GM"]
[BlackTitle "GM"]
[WhiteElo "2577"]
[BlackElo "2567"]
[WhiteTeam "Slovenia"]
[BlackTeam "Brazil"]
[WhiteFideId "14603152"]
[BlackFideId "2107139"]
[EventDate "2022.07.29"]

1. e4 c5 2. Nf3 Nc6 3. Bb5 g6 4. O-O Bg7 5. c3 Nf6 6. Re1 a6 7. Bxc6 dxc6 8. h3
O-O 9. d4 cxd4 10. cxd4 c5 11. d5 b5 12. Nc3 Bb7 13. Bg5 h6 14. Bf4 e6 15. dxe6
Qxd1 16. Raxd1 fxe6 17. Bd6 Rfc8 18. a3 Nd7 19. Re2 Nb6 20. Be5 b4 21. Bxg7 Kxg7
22. Nb1 a5 23. Ne5 Rd8 24. Rc1 Rac8 25. f3 Ba6 26. Rd2 Rxd2 27. Nxd2 c4 28. axb4
axb4 29. Ra1 c3 30. bxc3 bxc3 31. Nb3 Nc4 32. Rxa6 Nxe5 33. Rxe6 Nd3 34. Rd6 Nf4
35. Kf2 c2 36. Nc1 Ra8 37. Rc6 Ra1 38. Ke3 Nxg2+ 39. Kd2 Nf4 40. Rxc2 Ra3 41.
Rc3 Rxc3 42. Kxc3 Nxh3 1/2-1/2

[Event "Olimpiade 2022 - Open"]
[Site "Chennai"]
[Date "09.08.2022"]
[Round "11.18"]
[Board "1"]
[White "Smirnov, Anton"]
[Black "Henriquez Villagra, Cristobal"]
[Result "0-1"]
[WhiteTitle "GM"]
[BlackTitle "GM"]
[WhiteElo "2600"]
[BlackElo "2620"]
[WhiteTeam "Australia"]
[BlackTeam "Chile"]
[WhiteFideId "3208923"]
[BlackFideId "3409350"]
[EventDate "2022.07.29"]

1. e4 c5 2. Nf3 d6 3. d4 cxd4 4. Nxd4 Nf6 5. Nc3 Nc6 6. Bg5 e6 7. Qd3 Bd7 8.
Ndb5 Nb4 9. Qd1 Qb8 10. Bf4 e5 11. Bg5 a6 12. Na3 b5 13. Bxf6 gxf6 14. Nab1 Bg7
15. a3 Nc6 16. Nd5 f5 17. Nbc3 O-O 18. exf5 Bxf5 19. g4 Bg6 20. Bg2 Ra7 21. g5
Nd4 22. Ne4 Kh8 23. h4 f5 24. gxf6 Bh6 25. f4 Raf7 26. O-O Qa7 27. Kh1 exf4 28.
c3 Ne6 29. Qg4 Nc7 30. Ne7 Bxe4 31. Bxe4 Ne8 32. Nd5 Nxf6 33. Nxf6 Rxf6 34. Rf3
Qe7 35. Bd3 Rg8 36. Qh5 Qg7 37. Rf2 f3 38. Bf5 Be3 0-1

[Event "Olimpiade 2022 - Open"]
[Site "Chennai"]
[Date "09.08.2022"]
[Round "11.20"]
[Board "1"]
[White "Ragger, Markus"]
[Black "Dardha, Daniel"]
[Result "1/2-1/2"]
[WhiteTitle "GM"]
[BlackTitle "GM"]
[WhiteElo "2647"]
[BlackElo "2575"]
[WhiteTeam "Austria"]
[BlackTeam "Belgium"]
[WhiteFideId "1610856"]
[BlackFideId "240990"]
[EventDate "2022.07.29"]

1. e4 e5 2. Nf3 Nc6 3. Bb5 Nf6 4. d3 d6 5. O-O a6 6. Bxc6+ bxc6 7. Re1 a5 8. d4
Nd7 9. c4 Be7 10. Nc3 O-O 11. Be3 Re8 12. dxe5 dxe5 13. Qa4 Bb7 14. Red1 Qc8 15.
Qc2 f6 16. Nd2 c5 17. Na4 Bc6 18. Nb1 Qa6 19. Nbc3 Qxc4 20. b3 Qf7 21. Rac1 c4
22. Nd5 Bxd5 23. Rxd5 cxb3 24. Qxc7 Nf8 25. axb3 Rab8 26. Nb6 Ne6 27. Qc4 Nd4
28. Bxd4 exd4 29. Qxd4 Qe6 30. Nc4 Rxb3 31. Nxa5 Rb4 32. Qd3 Rxe4 33. g3 Bb4 34.
Rd8 Rxd8 35. Qxd8+ Kf7 36. Rf1 h5 37. Qd1 h4 38. Nb3 h3 39. Nc5 Bxc5 40. Qh5+
Kg8 41. Qxc5 Re1 42. Qh5 Rxf1+ 43. Kxf1 Qc4+ 44. Ke1 Qe4+ 45. Kd2 Qd4+ 46. Ke2
Qe4+ 1/2-1/2

[Event "Olimpiade 2022 - Open"]
[Site "Chennai"]
[Date "09.08.2022"]
[Round "11.21"]
[Board "1"]
[White "Paragua, Mark"]
[Black "Tari, Aryan"]
[Result "1/2-1/2"]
[WhiteTitle "GM"]
[BlackTitle "GM"]
[WhiteElo "2461"]
[BlackElo "2672"]
[WhiteTeam "Philippines"]
[BlackTeam "Norway"]
[WhiteFideId "5201241"]
[BlackFideId "1510045"]
[EventDate "2022.07.29"]

1. e4 c6 2. d4 d5 3. e5 c5 4. dxc5 e6 5. a3 Bxc5 6. b4 Be7 7. Nf3 f6 8. Bb2 a5
9. b5 Nd7 10. c4 Nxe5 11. Nxe5 fxe5 12. Bxe5 Nf6 13. Be2 O-O 14. O-O Nd7 15. Bb2
Nc5 16. Bf3 dxc4 17. Nd2 e5 18. Nxc4 e4 19. Qxd8 Bxd8 20. Be2 Be6 21. Rad1 a4
22. Bc3 Nd3 23. Bxd3 exd3 24. Nd6 Bb6 25. Rxd3 Rad8 26. Rd2 Rd7 27. Bb4 Rfd8 28.
Re1 Bb3 29. Ree2 Rc7 30. h3 h6 1/2-1/2

[Event "Olimpiade 2022 - Open"]
[Site "Chennai"]
[Date "09.08.2022"]
[Round "11.21"]
[Board "2"]
[White "Hammer, Jon Ludvig"]
[Black "Gomez, John Paul"]
[Result "1/2-1/2"]
[WhiteTitle "GM"]
[BlackTitle "GM"]
[WhiteElo "2638"]
[BlackElo "2451"]
[WhiteTeam "Norway"]
[BlackTeam "Philippines"]
[WhiteFideId "1503707"]
[BlackFideId "5201381"]
[EventDate "2022.07.29"]

1. e4 e5 2. Nf3 Nc6 3. Bb5 Nf6 4. d3 d6 5. O-O a6 6. Bxc6+ bxc6 7. d4 exd4 8.
Qxd4 Be7 9. e5 c5 10. Qd3 dxe5 11. Qxd8+ Bxd8 12. Nxe5 O-O 13. Nc6 Nd5 14. Nxd8
Rxd8 15. Na3 Bf5 16. c4 Nb4 17. Be3 a5 18. b3 a4 19. Bxc5 Nc2 20. Nxc2 Bxc2 21.
b4 Rd3 22. Be3 Rc3 23. c5 c6 24. Rac1 Rc4 25. Rfe1 Rd8 26. h3 Bd3 27. Rcd1 Rxb4
28. Bd2 Re4 29. Ba5 Rxe1+ 30. Rxe1 Rb8 31. Bb6 Kf8 32. Bc7 Rb1 33. Bd6+ Kg8 34.
Rxb1 Bxb1 35. a3 1/2-1/2

[Event "Olimpiade 2022 - Open"]
[Site "Chennai"]
[Date "09.08.2022"]
[Round "11.21"]
[Board "3"]
[White "Laylo, Darwin"]
[Black "Christiansen, Johan-Sebastian"]
[Result "1/2-1/2"]
[WhiteTitle "GM"]
[BlackTitle "GM"]
[WhiteElo "2432"]
[BlackElo "2593"]
[WhiteTeam "Philippines"]
[BlackTeam "Norway"]
[WhiteFideId "5201330"]
[BlackFideId "1512668"]
[EventDate "2022.07.29"]

1. d4 Nf6 2. c4 e6 3. Nf3 d5 4. Nc3 c6 5. cxd5 exd5 6. Bg5 h6 7. Bf4 Nh5 8. Be5
Nd7 9. e3 Nxe5 10. Nxe5 Nf6 11. Bd3 Nd7 12. O-O Nxe5 13. dxe5 Bc5 14. e4 Bd4 15.
exd5 Bxc3 16. bxc3 Qxd5 17. Bc2 Be6 18. Bb3 Qxd1 19. Rfxd1 Bxb3 20. axb3 Ke7 21.
f4 a6 22. Kf2 Rhd8 23. Ke3 Ke6 24. Ke4 f5+ 25. Ke3 g5 26. g3 Rac8 27. b4 Ke7 28.
c4 Rxd1 29. Rxd1 c5 30. Rb1 b5 31. cxb5 axb5 32. bxc5 Rxc5 33. Kd4 Rc2 34. Rxb5
Rxh2 35. Rb7+ Ke6 36. Rb6+ Ke7 37. Rb7+ Ke6 38. Rb6+ Ke7 1/2-1/2

[Event "Olimpiade 2022 - Open"]
[Site "Chennai"]
[Date "09.08.2022"]
[Round "11.22"]
[Board "1"]
[White "Kantans, Toms"]
[Black "Saric, Ivan"]
[Result "0-1"]
[WhiteTitle "GM"]
[BlackTitle "GM"]
[WhiteElo "2486"]
[BlackElo "2680"]
[WhiteTeam "Latvia"]
[BlackTeam "Croatia"]
[WhiteFideId "11602945"]
[BlackFideId "14508150"]
[EventDate "2022.07.29"]

1. e4 c5 2. Nf3 d6 3. Bb5+ Bd7 4. c4 Nc6 5. Nc3 Nf6 6. d4 cxd4 7. Nxd4 g6 8. O-O
Bg7 9. Bxc6 bxc6 10. c5 O-O 11. cxd6 exd6 12. Bf4 Re8 13. Re1 Qb6 14. Nb3 d5 15.
exd5 Rxe1+ 16. Qxe1 Nxd5 17. Nxd5 cxd5 18. Rd1 Re8 19. Qd2 d4 20. h3 Ba4 21. Re1
Rxe1+ 22. Qxe1 h5 23. Nc1 Qxb2 24. Qa5 Bb5 25. Qxa7 Bc4 26. Qa4 Be6 27. Qa5 Qb1
28. a4 Qc2 29. Qd8+ Kh7 30. a5 Qe4 31. Qc7 Qe1+ 32. Kh2 Qxf2 33. Nd3 Qe2 34. Nb4
Bf5 35. Qc1 d3 36. Nd5 Be4 37. Ne3 Bd4 38. Qc4 Qb2 39. Qxf7+ Bg7 40. a6 Qd4 41.
a7 d2 42. Qe7 Ba8 43. Qd6 Qe4 44. h4 d1=Q 0-1

[Event "Olimpiade 2022 - Open"]
[Site "Chennai"]
[Date "09.08.2022"]
[Round "11.22"]
[Board "3"]
[White "Reimanis, Ritvars"]
[Black "Kozul, Zdenko"]
[Result "1-0"]
[WhiteTitle "IM"]
[BlackTitle "GM"]
[WhiteElo "2377"]
[BlackElo "2602"]
[WhiteTeam "Latvia"]
[BlackTeam "Croatia"]
[WhiteFideId "11602988"]
[BlackFideId "14502879"]
[EventDate "2022.07.29"]

1. d4 Nf6 2. c4 g6 3. Nc3 Bg7 4. e4 d6 5. Be2 Nbd7 6. Nf3 e5 7. O-O O-O 8. Be3
h6 9. dxe5 dxe5 10. Qc1 Kh7 11. c5 Nh5 12. g3 c6 13. b4 Nhf6 14. Qc2 Qe7 15.
Rad1 Ne8 16. Nd2 Ndf6 17. Nc4 Bh3 18. Rfe1 Nc7 19. f3 h5 20. Rd6 Rfb8 21. Red1
Nfe8 22. R6d2 Ne6 23. Bf1 Bxf1 24. Kxf1 b6 25. Ne2 bxc5 26. bxc5 Rb7 27. Kg2 Rc8
28. Na5 Rbc7 29. h4 Bh6 30. Bxh6 Kxh6 31. Nb3 g5 32. hxg5+ Qxg5 33. Rh1 Nf6 34.
Kf2 Kg7 35. Qc3 Rd7 36. Rxd7 Nxd7 37. f4 Qf6 38. f5 Ng5 39. Nd2 Rh8 40. Qe3 Qe7
41. Rc1 Nh7 42. Nf3 Ndf6 43. Ke1 Rb8 44. Nd2 Ng4 45. Qc3 Nhf6 46. Ng1 Rb5 47. a4
Rb7 48. Ngf3 Qc7 49. Ke2 Qb8 50. Qd3 Rb2 51. Ke1 Qb4 52. Rc4 Qa5 53. Qa3 Rb1+
54. Ke2 Rh1 55. Qc3 Qa6 56. Qd3 h4 57. Nxh4 Qc8 58. Ndf3 Qb7 59. Qc2 Rb1 60. Nd2
Rg1 61. Qc3 Nh5 62. f6+ Kh7 63. Nf5 Nhxf6 64. Rb4 Qd7 65. Nd6 Qe6 66. Rb7 Rg2+
67. Ke1 Qa2 68. Rxf7+ Kg6 69. Rb7 Qxa4 70. Qb3 Qa1+ 71. Nb1 Qa5+ 72. Nc3 Qa1+
73. Nb1 Kg5 74. Rg7+ Kh6 75. Nf5+ 1-0

[Event "Olimpiade 2022 - Open"]
[Site "Chennai"]
[Date "09.08.2022"]
[Round "11.24"]
[Board "1"]
[White "Grandelius, Nils"]
[Black "Tin, Jingyao"]
[Result "1/2-1/2"]
[WhiteTitle "GM"]
[BlackTitle "IM"]
[WhiteElo "2655"]
[BlackElo "2552"]
[WhiteTeam "Sweden"]
[BlackTeam "Singapore"]
[WhiteFideId "1710400"]
[BlackFideId "5804418"]
[EventDate "2022.07.29"]

1. Nf3 d5 2. g3 Nf6 3. Bg2 c6 4. O-O Bg4 5. c4 Nbd7 6. cxd5 cxd5 7. Nc3 e6 8. d4
Bd6 9. Qb3 Qb6 10. Qxb6 Nxb6 11. Ne5 Bf5 12. f3 h6 13. a4 Bxe5 14. dxe5 Nfd7 15.
Nb5 O-O 16. f4 a5 17. b3 Nc5 18. Nd4 Be4 19. Ba3 Rfc8 20. Rfc1 Nbd7 21. Bh3 g6
22. Rc3 Bf5 23. Rac1 b6 24. Bf1 Rcb8 25. e3 Ne4 26. Rc7 Ndc5 27. Bb5 Rc8 28.
Rxc8+ Rxc8 29. b4 axb4 30. Bxb4 Kg7 31. Kg2 h5 32. h3 Rb8 33. Ra1 Nb7 34. Rc1
Nbc5 35. Ra1 Nb7 36. Rc1 1/2-1/2

[Event "Olimpiade 2022 - Open"]
[Site "Chennai"]
[Date "09.08.2022"]
[Round "11.26"]
[Board "4"]
[White "Zhakshylykov, Erzhan"]
[Black "Gan-Erdene, Sugar"]
[Result "1/2-1/2"]
[WhiteTitle "FM"]
[BlackTitle "IM"]
[WhiteElo "2332"]
[BlackElo "2428"]
[WhiteTeam "Kyrgyzstan"]
[BlackTeam "Mongolia"]
[WhiteFideId "13804111"]
[BlackFideId "4902980"]
[EventDate "2022.07.29"]

1. e4 c5 2. Nf3 d6 3. d4 cxd4 4. Nxd4 Nf6 5. Nc3 Nc6 6. Bg5 e6 7. Qd2 a6 8.
O-O-O Bd7 9. f3 Be7 10. h4 h6 11. Be3 h5 12. Bg5 Qc7 13. Be2 b5 14. Bxb5 axb5
15. Ndxb5 Qb8 16. Nxd6+ Kf8 17. f4 Be8 18. e5 Bxd6 19. exd6 Bd7 20. Bxf6 gxf6
21. a3 f5 22. Qe2 Qb6 23. Rh3 Rb8 24. Na4 Qa7 25. Nc3 Qb6 26. Na4 Qa7 27. Nc3
Qb6 28. Na4 Qa7 29. Nc3 1/2-1/2

[Event "Olimpiade 2022 - Open"]
[Site "Chennai"]
[Date "09.08.2022"]
[Round "11.28"]
[Board "1"]
[White "Bachmann, Axel"]
[Black "Zaibi, Amir"]
[Result "1-0"]
[WhiteTitle "GM"]
[BlackTitle "GM"]
[WhiteElo "2588"]
[BlackElo "2398"]
[WhiteTeam "Paraguay"]
[BlackTeam "Tunisia"]
[WhiteFideId "3700488"]
[BlackFideId "5500796"]
[EventDate "2022.07.29"]

1. Nf3 c5 2. c4 Nc6 3. Nc3 g6 4. e3 d6 5. d4 Bg4 6. Be2 Bg7 7. d5 Na5 8. e4
Bxc3+ 9. bxc3 Nf6 10. Qa4+ Nd7 11. Bh6 Qb6 12. Ne5 dxe5 13. Bxg4 O-O-O 14. O-O
Rhg8 15. Rab1 Qa6 16. Rb5 b6 17. f4 exf4 18. Bxf4 h5 19. Be2 f6 20. Rfb1 Ne5 21.
Be3 Nd7 22. Bf4 Ne5 23. Rxc5+ bxc5 24. Rb5 Rd7 25. Rxc5+ Rc7 26. Rb5 g5 27. Bg3
Rb7 28. c5 h4 29. Bf2 Rxb5 30. Bxb5 Qb7 31. Qxa5 Kb8 32. Bd4 Qc7 33. Qb4 h3 34.
Ba6+ Ka8 35. c6 Rb8 36. Bb7+ Rxb7 37. Qxb7+ Qxb7 38. cxb7+ Kxb7 39. Bxe5 fxe5
40. gxh3 Kb6 41. Kf2 Kc5 42. Kg3 Kc4 43. Kg4 Kd3 44. Kf5 a5 45. Kxe5 a4 46. Ke6
Kxe4 47. c4 1-0

[Event "Olimpiade 2022 - Open"]
[Site "Chennai"]
[Date "09.08.2022"]
[Round "11.28"]
[Board "2"]
[White "Boudriga, Mohamed Ali"]
[Black "Delgado Ramirez, Neuris"]
[Result "1-0"]
[WhiteTitle "IM"]
[BlackTitle "GM"]
[WhiteElo "2308"]
[BlackElo "2614"]
[WhiteTeam "Tunisia"]
[BlackTeam "Paraguay"]
[WhiteFideId "5500460"]
[BlackFideId "3503631"]
[EventDate "2022.07.29"]

1. Nf3 Nf6 2. c4 e6 3. g3 a6 4. Bg2 b5 5. b3 Bb7 6. Nc3 bxc4 7. bxc4 c5 8. Rb1
Bc6 9. O-O Be7 10. Qc2 O-O 11. e3 Ra7 12. Rd1 Rc7 13. d3 d6 14. e4 Nfd7 15. Bf4
g5 16. Be3 Ba8 17. Qe2 Nc6 18. h3 Bf6 19. Qd2 h6 20. Ne2 Kh8 21. Nh2 Bg7 22. f4
f6 23. Rf1 Qe7 24. h4 gxh4 25. Nf3 f5 26. Nxh4 Qf6 27. exf5 exf5 28. Rfe1 Rg8
29. Kh2 Rcc8 30. Bf2 Rb8 31. Ng1 Rxb1 32. Rxb1 Ne7 33. Bxa8 Rxa8 34. Ngf3 Ng6
35. Qe2 Ndf8 36. Nxg6+ Nxg6 37. Rb6 Qd8 38. Rb7 Qc8 39. Rb1 Qc6 40. Ng5 hxg5 41.
Qh5+ Kg8 42. Qxg6 Qf3 43. Rf1 gxf4 44. Qe6+ Kh8 45. Qxf5 Rf8 46. Qxf8+ 1-0

[Event "Olimpiade 2022 - Open"]
[Site "Chennai"]
[Date "09.08.2022"]
[Round "11.29"]
[Board "1"]
[White "Meier, Georg"]
[Black "Othman, A. Moussa"]
[Result "1-0"]
[WhiteTitle "GM"]
[BlackTitle "FM"]
[WhiteElo "2613"]
[BlackElo "2229"]
[WhiteTeam "Uruguay"]
[BlackTeam "United Arab Emirates"]
[WhiteFideId "4675789"]
[BlackFideId "9300155"]
[EventDate "2022.07.29"]

1. d4 Nf6 2. Nf3 e6 3. g3 b6 4. Bg2 Bb7 5. c4 Bb4+ 6. Bd2 Qe7 7. O-O Bxd2 8.
Qxd2 d6 9. Qg5 O-O 10. Nc3 Re8 11. d5 e5 12. e4 a5 13. Qe3 Nbd7 14. Ne1 Nc5 15.
Nc2 Bc8 16. Qd2 Bd7 17. b3 Rad8 18. Rad1 Kh8 19. Na3 c6 20. dxc6 Bxc6 21. Qe3
Qb7 22. f3 Rf8 23. Nab5 Ne8 24. Bh3 Qe7 25. Rd2 1-0

[Event "Olimpiade 2022 - Open"]
[Site "Chennai"]
[Date "09.08.2022"]
[Round "11.30"]
[Board "1"]
[White "Deac, Bogdan-Daniel"]
[Black "Alahakoon, Isuru"]
[Result "1-0"]
[WhiteTitle "GM"]
[BlackTitle "FM"]
[WhiteElo "2692"]
[BlackElo "2000"]
[WhiteTeam "Romania"]
[BlackTeam "Sri Lanka"]
[WhiteFideId "1226380"]
[BlackFideId "9900993"]
[EventDate "2022.07.29"]

1. c4 e6 2. g3 d5 3. Bg2 Nf6 4. Nf3 Be7 5. d4 O-O 6. Qd3 c5 7. O-O cxd4 8. Nxd4
dxc4 9. Qxc4 e5 10. Nb3 Nc6 11. Nc3 Be6 12. Qb5 Qc7 13. Nc5 Bc8 14. Nd3 a6 15.
Qa4 b5 16. Qd1 Rd8 17. Bg5 Bb7 18. Bxf6 Bxf6 19. Rc1 Bg5 20. e3 Qb6 21. Nd5 Rxd5
22. Bxd5 Rd8 23. Nc5 Ba8 24. Qf3 Bf6 25. Be4 Be7 26. Nb3 Rd6 27. Qf5 g6 28. Qc8+ 1-0

[Event "Olimpiade 2022 - Open"]
[Site "Chennai"]
[Date "09.08.2022"]
[Round "11.30"]
[Board "2"]
[White "Liyanage, Ranindu Dilshan"]
[Black "Lupulescu, Constantin"]
[Result "1/2-1/2"]
[WhiteTitle "FM"]
[BlackTitle "GM"]
[WhiteElo "2286"]
[BlackElo "2628"]
[WhiteTeam "Sri Lanka"]
[BlackTeam "Romania"]
[WhiteFideId "9915834"]
[BlackFideId "1207822"]
[EventDate "2022.07.29"]

1. e4 c5 2. Nf3 d6 3. d4 cxd4 4. Nxd4 Nf6 5. Nc3 Nc6 6. Bg5 Bd7 7. Qd2 a6 8.
O-O-O e6 9. Nxc6 Bxc6 10. f3 h6 11. Bf4 d5 12. Qe1 Bb4 13. a3 Bxc3 14. Qxc3 O-O
15. Be5 Rc8 16. Bxf6 Qxf6 17. Qxf6 gxf6 18. exd5 Bxd5 19. Rd4 Rfd8 20. Bd3 Bc6
21. Rxd8+ Rxd8 22. Rd1 f5 23. f4 Kg7 24. g3 Kf6 25. Be2 Rg8 26. Bh5 Ke7 27. Kd2
f6 28. Ke3 e5 29. Rd2 a5 30. Be2 Rc8 31. g4 fxg4 32. Bxg4 Rg8 33. Bf3 Bxf3 34.
Kxf3 Ke6 35. fxe5 fxe5 36. a4 Rf8+ 37. Ke3 Rf4 38. Rg2 Rh4 39. Rg7 Rxh2 40. Rxb7
h5 41. b4 Rxc2 42. bxa5 Rc3+ 43. Kd2 Rc4 44. Rh7 Rxa4 45. Rxh5 Kd5 46. Rh3 Ra2+
47. Ke1 Rxa5 48. Rb3 Kc4 49. Rh3 e4 50. Rg3 Kd4 51. Rh3 Ra2 52. Rg3 Rc2 53. Rh3
Rc3 54. Rxc3 Kxc3 55. Ke2 Kd4 56. Kd2 e3+ 57. Ke2 Ke4 58. Ke1 Kd3 59. Kd1 e2+
60. Ke1 Ke3 1/2-1/2

[Event "Olimpiade 2022 - Open"]
[Site "Chennai"]
[Date "09.08.2022"]
[Round "11.30"]
[Board "3"]
[White "Parligras, Mircea-Emilian"]
[Black "De Silva, L M S T"]
[Result "1/2-1/2"]
[WhiteTitle "GM"]
[BlackTitle "FM"]
[WhiteElo "2576"]
[BlackElo "2212"]
[WhiteTeam "Romania"]
[BlackTeam "Sri Lanka"]
[WhiteFideId "1204297"]
[BlackFideId "9953698"]
[EventDate "2022.07.29"]

1. d4 Nf6 2. c4 e6 3. Nc3 Bb4 4. Qc2 O-O 5. a3 Bxc3+ 6. Qxc3 d5 7. Nf3 dxc4 8.
Qxc4 b6 9. Bg5 Bb7 10. Rd1 Nbd7 11. Ne5 Bd5 12. Qc2 c5 13. Nxd7 Qxd7 14. Bxf6
gxf6 15. e4 Bb7 16. dxc5 Qc6 17. f3 Rac8 18. Bd3 Rfd8 19. O-O bxc5 20. e5 f5 21.
Bc4 Qc7 22. Qc1 Rd4 23. Rfe1 Qe7 24. b3 Rcd8 25. Rxd4 Rxd4 26. Rd1 Qd8 27. Rxd4
Qxd4+ 28. Kf1 Qxe5 29. Qg5+ Kf8 30. Qd8+ Kg7 31. Qg5+ Kf8 32. Qd8+ Kg7 33. Qg5+ 1/2-1/2

[Event "Olimpiade 2022 - Open"]
[Site "Chennai"]
[Date "09.08.2022"]
[Round "11.31"]
[Board "3"]
[White "Castro Torres, Jose Luis"]
[Black "Valderrama Quiceno, Esteban Alb"]
[Result "1-0"]
[WhiteTitle "FM"]
[BlackTitle "IM"]
[WhiteElo "2326"]
[BlackElo "2436"]
[WhiteTeam "Venezuela"]
[BlackTeam "Colombia"]
[WhiteFideId "3901831"]
[BlackFideId "4442024"]
[EventDate "2022.07.29"]

1. e4 d6 2. d4 Nf6 3. Nc3 g6 4. f3 c6 5. Be3 Qb6 6. Qc1 Bg7 7. Bd3 Qc7 8. Nge2
b5 9. Bh6 O-O 10. h4 Re8 11. Bxg7 Kxg7 12. h5 e5 13. dxe5 dxe5 14. Ng3 Qe7 15.
Qe3 Be6 16. O-O-O Nbd7 17. hxg6 fxg6 18. Nf5+ gxf5 19. exf5 Bg8 20. g4 b4 21.
Ne4 Kh8 22. Qh6 Qf8 23. Qh4 Nd5 24. g5 Rad8 25. f6 Nf4 26. Nd6 Nxd3+ 27. Rxd3 e4
28. Nxe8 Qxe8 29. fxe4 Ne5 30. Rxd8 Qxd8 31. Qh6 Qd7 32. g6 1-0